[Event "Barcelona Sant Marti op 11th"]
[Site "Barcelona"]
[Date "2024.02.22"]
[Round "7"]
[White "Mestres Pamies, Xavier"]
[Black "Moreno Perez, Norberto"]
[Result "1-0"]
[WhiteElo "1750"]
[BlackElo "1865"]
[PlyCount "71"]
[EventDate "2024.01.11"]
[EventType "swiss"]
[EventRounds "9"]
[EventCountry "ESP"]
[SourceTitle "CB11_2024"]
[SourceDate "2024.03.13"]
[SourceVersion "1"]
[SourceVersionDate "2024.03.13"]
[SourceQuality "1"]

1. e4 e5 2. Nc3 Nf6 3. f4 d6 4. Nf3 Nbd7 5. d3 Be7 6. g3 c6 7. Bg2 Qb6 8. Qe2 Qc7 9. Be3 Ng4 10. Bg1 b5 11. a3 a5 12. h3 Ngf6 13. Be3 Rb8 14. fxe5 dxe5 15. 0-0 Nc5 16. Qf2 Ne6 17. Nh4 Nd4 18. g4 0-0 19. Nf5 Bxf5 20. exf5 h6 21. Ne4 Nxe4 22. Bxe4 Qd8 23. c3 Bh4 24. Qg2 Nb3 25. Rad1 Bg5 26. Qf3 c5 27. Rf2 a4 28. Bxg5 Qxg5 29. Qg3 Qf6 30. h4 Qd6 31. g5 b4 32. f6 g6 33. gxh6 Kh7 34. h5 Rg8 35. hxg6+ fxg6 36. f7 1-0

[Event "Barcelona op-A"]
[Site "Barcelona"]
[Date "1998.??.??"]
[Round "4"]
[White "Mestres Pamies, Xavier"]
[Black "Amigo Barbera, Francesc"]
[Result "1-0"]
[WhiteElo "2065"]
[BlackElo "2225"]
[PlyCount "79"]
[EventDate "1998.??.??"]
[EventType "swiss"]
[EventRounds "8"]
[EventCountry "ESP"]
[SourceTitle "EXT 2019"]
[Source "ChessBase"]
[SourceDate "2018.10.10"]
[SourceVersion "1"]
[SourceVersionDate "2018.10.10"]
[SourceQuality "1"]

1. e4 Nc6 2. Nf3 d5 3. exd5 Qxd5 4. Nc3 Qh5 5. Be2 Bg4 6. h3 0-0-0 7. d3 e5 8. Be3 f5 9. Ng5 Bxe2 10. Qxe2 Qg6 11. Nf3 Nd4 12. Bxd4 exd4 13. Nb5 Bb4+ 14. c3 dxc3 15. bxc3 Nf6 16. 0-0 Bc5 17. d4 Bb6 18. Ne5 Qe8 19. a4 c6 20. a5 cxb5 21. axb6 a6 22. Qf3 Qe6 23. Rxa6 Kb8 24. Ra7 Qxb6 25. Rfa1 Qxa7 26. Rxa7 Kxa7 27. Nf7 g6 28. Nxh8 Rxh8 29. Qe2 Re8 30. Qxb5 Re6 31. d5 Rb6 32. Qc5 Ka6 33. c4 Rb1+ 34. Kh2 Ne4 35. Qd4 b6 36. d6 Nxd6 37. Qxd6 Re1 38. c5 Rb1 39. Qd3+ Rb5 40. c6 1-0